000 00878nam a22002057a 4500
003 OSt
005 20260316052105.0
008 260316b |||||||| |||| 00| 0 eng d
020 _a0-380-72558-4
040 _aDWCL GS lib
_cOC
100 _aBANKS, LYNNE REID
245 _aThe Indian in the cupboard
_cBANKS, LYNNE REID
260 _a New York
_bAvon Books
_c1980
300 _avii, 197 pages.
_c17cm.
520 _aThe Indian in the Cupboard by Lynne Reid Banks is a classic fantasy novel about Omri, a young boy who receives a plastic Indian figurine and an old cupboard for his birthday. When he locks the toy inside with a special key, it comes to life as a living, breathing Iroquois man named Little Bear.
546 _aEnglish
650 _2realistic fantasy or low fantasy
650 _2empathy, responsibility, and respect.
942 _2ddc
_cFIC.
_hFic.
_n0
999 _c9140
_d9140